Statistics for Boston Celtics Players 2023-2024

Click here to take the quiz!

General Stats

  • This quiz has been taken 34 times
  • The average score is 12 of 17

Answer Stats

#Player% Correct
0Jayson Tatum
100%
7Jaylen Brown
96%
9Derrick White
93%
4Jrue Holiday
93%
8Kristaps Porzingis
93%
11Payton Pritchard
93%
30Sam Hauser
85%
42Al Horford
81%
40Luke Kornet
81%
26Xavier Tillman
63%
44Jaden Springer
59%
27Jordan Walsh
59%
88Neemias Queta
56%
12Oshae Brissett
52%
20JD Davison
44%
13Drew Peterson
22%
50Svi Mykhailiuk
15%

Score Distribution

Percentile by Number Answered

Percent of People with Each Score

Your Score History

You have not taken this quiz